[Event "Rail 4 Countries"]
[Site "Vienna"]
[Date "2011.11.12"]
[Round "2.4"]
[White "Travnicek, Peter"]
[Black "Gervasoni, Michele"]
[Result "1/2-1/2"]
[WhiteElo "2127"]
[BlackElo "1952"]
[PlyCount "90"]
[EventDate "2011.11.11"]
[EventType "team-tourn"]
[EventRounds "3"]
[EventCountry "AUT"]
[SourceTitle "EXT 2022"]
[Source "ChessBase"]
[SourceDate "2021.10.06"]
[SourceVersion "1"]
[SourceVersionDate "2021.10.06"]
[SourceQuality "1"]
[WhiteTeam "Czech Republic USIC"]
[BlackTeam "Switzerland USIC"]
[WhiteTeamCountry "CZE"]
[BlackTeamCountry "SUI"]

1. d4 d5 2. Nf3 Nf6 3. Bf4 e6 4. e3 Be7 5. Bd3 0-0 6. Nbd2 Nbd7 7. c3 c5 8. Qe2 Qb6 9. Rb1 a6 10. 0-0 Bd6 11. Ne5 Qc7 12. Nxd7 Bxd7 13. Bxd6 Qxd6 14. f4 Bc6 15. Qf3 Bb5 16. Qe2 Bxd3 17. Qxd3 b5 18. a3 c4 19. Qc2 a5 20. e4 Nxe4 21. Nxe4 dxe4 22. Qxe4 Rad8 23. Rfe1 Qd5 24. Qc2 Qc6 25. Re5 Rd5 26. Rbe1 Rfd8 27. f5 Rxe5 28. Rxe5 exf5 29. Qxf5 g6 30. Qf3 Qb6 31. Re7 Rf8 32. Qb7 Qd6 33. Qc7 Qxc7 34. Rxc7 Rb8 35. Kf2 Rb6 36. Rc5 Kg7 37. d5 Kf6 38. Ke3 Ke5 39. Rc7 Kxd5 40. Rxf7 Re6+ 41. Kd2 h5 42. a4 Kc5 43. Rc7+ Kb6 44. Rc8 Re5 45. Rb8+ Ka6 1/2-1/2

[Event "Olomouc op Seniors"]
[Site "Olomouc"]
[Date "2011.08.09"]
[Round "7"]
[White "Travnicek, Peter"]
[Black "Golcman, Evgeny"]
[Result "0-1"]
[WhiteElo "2127"]
[BlackElo "2291"]
[PlyCount "120"]
[EventDate "2011.08.04"]
[EventType "swiss"]
[EventRounds "9"]
[EventCountry "CZE"]
[SourceTitle "EXT 2012"]
[Source "ChessBase"]
[SourceDate "2011.11.24"]
[SourceVersion "1"]
[SourceVersionDate "2011.11.24"]
[SourceQuality "1"]

1. Nf3 g6 2. e4 Bg7 3. d4 d6 4. Bc4 Nf6 5. Qe2 0-0 6. 0-0 c6 7. Bd3 Qc7 8. h3 e5 9. dxe5 dxe5 10. b3 Nbd7 11. Bb2 Nh5 12. Nbd2 Nc5 13. Qe3 Nxd3 14. cxd3 Re8 15. d4 exd4 16. Bxd4 Qf4 17. Qxf4 Nxf4 18. Bxg7 Kxg7 19. Rfe1 Be6 20. Nd4 Rad8 21. N2f3 Bc8 22. Re3 c5 23. Ne2 Ne6 24. Rc1 b6 25. Nc3 Nd4 26. Kh2 Bb7 27. Ne1 Rd7 28. Nd3 f5 29. f4 fxe4 30. Ne5 Rdd8 31. Nxe4 Ne6 32. Kg3 Rf8 33. Rf1 Rd4 34. Rfe1 Nxf4 35. Nf3 Nh5+ 36. Kh2 Rxe4 37. Rxe4 Bxe4 38. Rxe4 Nf6 39. Re6 Re8 40. Rc6 Re7 41. a4 Re3 42. Rc7+ Kg8 43. Rxa7 Rxb3 44. Ne5 Ne4 45. Rb7 Rb4 46. Nd7 Rxa4 47. Rxb6 Ra7 48. Ne5 Re7 49. Nc4 Rd7 50. Rc6 Rd4 51. Ne5 Kg7 52. Rc7+ Kf6 53. Nd7+ Ke6 54. Nxc5+ Kd6 55. Na6 Ra4 56. Ra7 Nc5 57. Rxh7 Rxa6 58. h4 Ke5 59. h5 g5 60. h6 Kf5 0-1

[Event "CZE-chT2E 0809"]
[Site "Czech Republic"]
[Date "2009.02.22"]
[Round "9.5"]
[White "Travnicek, Peter"]
[Black "Navratilik, Pavel"]
[Result "1/2-1/2"]
[WhiteElo "2188"]
[BlackElo "2164"]
[PlyCount "74"]
[EventDate "2008.10.12"]
[EventType "tourn"]
[EventRounds "11"]
[EventCountry "CZE"]
[SourceTitle "EXT 2010"]
[Source "ChessBase"]
[SourceDate "2010.11.25"]
[SourceVersion "1"]
[SourceVersionDate "2010.11.25"]
[SourceQuality "1"]
[WhiteTeam "Litovel II"]
[BlackTeam "Holesov"]
[WhiteTeamCountry "CZE"]
[BlackTeamCountry "CZE"]

1. d4 d5 2. Nf3 e6 3. Bf4 Nf6 4. e3 Be7 5. Nbd2 0-0 6. Bd3 Nbd7 7. h3 c5 8. c3 b6 9. g4 Bb7 10. Qb1 g6 11. Rg1 Ne8 12. h4 Bf6 13. g5 Bg7 14. h5 Qe7 15. Ne5 cxd4 16. exd4 Nxe5 17. Bxe5 Bxe5 18. dxe5 d4 19. c4 Ng7 20. h6 Nf5 21. Be4 Rac8 22. b3 Rfd8 23. Qd3 Rc7 24. 0-0-0 Qc5 25. Bxb7 Rxb7 26. f4 b5 27. Ne4 Qa3+ 28. Kb1 bxc4 29. Qxc4 Rdb8 30. Rd3 a5 31. Rc1 a4 32. Qc8+ Qf8 33. Nf6+ Kh8 34. Qxf8+ Rxf8 35. Rc4 Ra8 36. b4 Rab8 37. a3 Rd8 1/2-1/2

[Event "CZE-chT2E 0809"]
[Site "Czech Republic"]
[Date "2009.01.25"]
[Round "7.7"]
[White "Travnicek, Peter"]
[Black "Zvolanek, Libor"]
[Result "1/2-1/2"]
[WhiteElo "2188"]
[BlackElo "2225"]
[PlyCount "53"]
[EventDate "2008.10.12"]
[EventType "tourn"]
[EventRounds "11"]
[EventCountry "CZE"]
[SourceTitle "EXT 2010"]
[Source "ChessBase"]
[SourceDate "2010.11.25"]
[SourceVersion "1"]
[SourceVersionDate "2010.11.25"]
[SourceQuality "1"]
[WhiteTeam "Litovel II"]
[BlackTeam "Grygov II"]
[WhiteTeamCountry "CZE"]
[BlackTeamCountry "CZE"]

1. e4 Nf6 2. e5 Nd5 3. Nc3 Nxc3 4. dxc3 d6 5. Bc4 Nc6 6. Nf3 dxe5 7. Qxd8+ Nxd8 8. Nxe5 f6 9. Nd3 e5 10. Be3 Be6 11. Bxe6 Nxe6 12. 0-0-0 0-0-0 13. f3 h5 14. h4 a6 15. c4 Nd4 16. c3 Nf5 17. Bf2 g6 18. Rhe1 Rh7 19. Kc2 Bh6 20. g4 hxg4 21. fxg4 Nd6 22. c5 Nf7 23. Bg3 Bg7 24. g5 f5 25. Nxe5 Rxd1 26. Kxd1 Bxe5 27. Bxe5 1/2-1/2

[Event "CZE-chT2E 0809"]
[Site "Czech Republic"]
[Date "2008.12.07"]
[Round "4.3"]
[White "Horsak, Jan"]
[Black "Travnicek, Peter"]
[Result "1/2-1/2"]
[WhiteElo "2069"]
[BlackElo "2188"]
[PlyCount "46"]
[EventDate "2008.10.12"]
[EventType "tourn"]
[EventRounds "11"]
[EventCountry "CZE"]
[SourceTitle "EXT 2010"]
[Source "ChessBase"]
[SourceDate "2010.11.25"]
[SourceVersion "1"]
[SourceVersionDate "2010.11.25"]
[SourceQuality "1"]
[WhiteTeam "Stare Mesto III"]
[BlackTeam "Litovel II"]
[WhiteTeamCountry "CZE"]
[BlackTeamCountry "CZE"]

1. c4 e5 2. Nc3 Nc6 3. g3 g6 4. Bg2 Bg7 5. d3 Nge7 6. Bd2 d6 7. Nf3 Bd7 8. Qc1 h6 9. Rb1 Qc8 10. h4 a5 11. e4 Nb4 12. Ke2 Bg4 13. a3 Nbc6 14. Ke1 Nd4 15. Nxd4 exd4 16. Ne2 Nc6 17. f4 b6 18. Kf2 Rb8 19. Re1 Ne7 20. Ng1 0-0 21. Bf3 f5 22. Bxg4 fxg4 23. Kg2 Kh7 1/2-1/2

[Event "CZE-chT2e 0405"]
[Site "Czech Republic"]
[Date "2005.03.20"]
[Round "10.5"]
[White "Stencel, Martin"]
[Black "Travnicek, Peter"]
[Result "0-1"]
[WhiteElo "1550"]
[BlackElo "2245"]
[PlyCount "106"]
[EventDate "2004.10.17"]
[EventType "team-tourn"]
[EventRounds "11"]
[EventCountry "CZE"]
[SourceTitle "EXT 2007"]
[Source "ChessBase"]
[SourceDate "2006.11.23"]
[SourceVersion "1"]
[SourceVersionDate "2006.11.23"]
[SourceQuality "1"]

1. e4 c5 2. f4 Nc6 3. Bb5 Nd4 4. Be2 e5 5. Nf3 Nxf3+ 6. Bxf3 d6 7. 0-0 Nf6 8. d3 Be7 9. Nc3 0-0 10. Be3 b6 11. f5 Bb7 12. Nd5 Nxd5 13. exd5 Bg5 14. Qd2 h6 15. Be4 Bxe3+ 16. Qxe3 f6 17. c4 Kf7 18. Qg3 Rg8 19. Qg6+ Ke7 20. Rab1 Qe8 21. Rf3 Qxg6 22. fxg6 Bc8 23. Bf5 Bxf5 24. Rxf5 a6 25. b3 Rgb8 26. Rff1 b5 27. g4 b4 28. Ra1 a5 29. Rfb1 a4 30. h4 axb3 31. axb3 Ra3 32. Kf2 Rba8 33. Rxa3 Rxa3 34. Ke2 f5 35. g5 h5 36. Kf3 Ra2 37. Ke3 Ra3 38. Rb2 Kd7 39. Kf3 Kc7 40. Ke3 Kb7 41. Ke2 Ra1 42. Kf3 Rh1 43. Rg2 Rxh4 44. Rg1 Rh3+ 45. Rg3 Rh4 46. Kg2 f4 47. Rh3 Rg4+ 48. Kf3 Rxg5 49. Rh4 Kc7 50. Rh2 Kd7 51. Rg2 Rxg2 52. Kxg2 Ke7 53. Kf3 Kf6 0-1

[Event "CZE-chT2e 0405"]
[Site "Czech Republic"]
[Date "2005.02.20"]
[Round "8.6"]
[White "Travnicek, Peter"]
[Black "Svub, Jan"]
[Result "0-1"]
[WhiteElo "2245"]
[BlackElo "2097"]
[PlyCount "56"]
[EventDate "2004.10.17"]
[EventType "team-tourn"]
[EventRounds "11"]
[EventCountry "CZE"]
[SourceTitle "EXT 2007"]
[Source "ChessBase"]
[SourceDate "2006.11.23"]
[SourceVersion "1"]
[SourceVersionDate "2006.11.23"]
[SourceQuality "1"]

1. e4 c5 2. Nf3 d6 3. d4 cxd4 4. Nxd4 Nf6 5. Nc3 a6 6. Bg5 e6 7. Bc4 Be7 8. Qf3 Qc7 9. Bb3 Nc6 10. Nxc6 Qxc6 11. 0-0-0 0-0 12. h4 b5 13. Rd3 Bb7 14. Re1 h6 15. Bxf6 Bxf6 16. g3 b4 17. Ba4 Qc7 18. Nd1 Rfc8 19. Qe2 Bc6 20. Bxc6 Qxc6 21. f4 Rc7 22. Qd2 Rac8 23. Re2 Be7 24. Kb1 a5 25. a3 Qa4 26. axb4 axb4 27. Ne3 Rb7 28. Rb3 Ra8 0-1

[Event "MOR-chT 0405"]
[Site "Czech Republic"]
[Date "2004.10.24"]
[Round "3.8"]
[White "Plat, Vojtech"]
[Black "Travnicek, Peter"]
[Result "0-1"]
[WhiteElo "1787"]
[BlackElo "2245"]
[PlyCount "114"]
[EventDate "2004.10.09"]
[EventType "team-tourn"]
[EventRounds "11"]
[EventCountry "CZE"]
[SourceTitle "CBM 103 Extra"]
[Source "ChessBase"]
[SourceDate "2005.01.01"]
[SourceVersion "1"]
[SourceVersionDate "2005.01.01"]
[SourceQuality "1"]

1. e4 c5 2. Nf3 d6 3. d4 cxd4 4. Nxd4 Nf6 5. Nc3 g6 6. Bc4 Bg7 7. 0-0 Bd7 8. Re1 Nc6 9. Nxc6 Bxc6 10. Bd5 0-0 11. Be3 Qc7 12. Bd4 e6 13. Bxc6 Qxc6 14. f3 Rfd8 15. Qd3 a6 16. Rad1 b5 17. a3 Rac8 18. Qe2 Nd7 19. Bxg7 Kxg7 20. Rb1 Nb6 21. Kh1 Qc4 22. Qf2 Qc5 23. Qxc5 dxc5 24. Re2 Rd4 25. Nd1 Rcd8 26. Ne3 Na4 27. Kg1 b4 28. axb4 Rxb4 29. Nd1 Rdb8 30. b3 c4 31. Ra1 cxb3 32. cxb3 Nc5 33. Rc2 R4b5 34. b4 Nd3 35. Rxa6 Nxb4 36. Raa2 Nxa2 37. Rxa2 Rb1 38. Rd2 f5 39. exf5 gxf5 40. Kf2 Kf6 41. Kg3 R1b4 42. Rd7 R8b7 43. Rd3 Rg7+ 44. Kf2 Ra7 45. Kg3 Rc4 46. Nf2 Rg7+ 47. Kh3 Rc2 48. Nd1 Rgxg2 49. Ne3 Rxh2+ 50. Kg3 Ra2 51. Rd6 Rh6 52. f4 Ra3 53. Kf2 Rh2+ 54. Kg1 Re2 55. Nd5+ Kf7 56. Rd7+ Kg6 57. Ne7+ Kh5 0-1

[Event "EU-chT Railways USIC"]
[Site "Dresden"]
[Date "2000.06.21"]
[Round "3.3"]
[White "Mueller, Klaus Uwe"]
[Black "Travnicek, Peter"]
[Result "0-1"]
[WhiteElo "2320"]
[BlackElo "2249"]
[PlyCount "80"]
[EventDate "2000.06.19"]
[EventType "team-swiss"]
[EventRounds "7"]
[EventCountry "GER"]
[SourceTitle "EXT 2002"]
[Source "ChessBase"]
[SourceDate "2001.11.25"]
[SourceVersion "1"]
[SourceVersionDate "2001.11.25"]
[SourceQuality "1"]
[WhiteTeam "Germany (USIC)"]
[BlackTeam "Czech Republic (USIC)"]
[WhiteTeamCountry "GER"]
[BlackTeamCountry "CZE"]

1. e4 c5 2. Nf3 d6 3. c3 Nf6 4. Bd3 Nc6 5. Bc2 g6 6. h3 Bg7 7. d4 0-0 8. d5 Ne5 9. Nxe5 dxe5 10. 0-0 Ne8 11. Be3 b6 12. f4 Nd6 13. Nd2 f5 14. fxe5 Bxe5 15. Bh6 Rf7 16. Nf3 Bg7 17. Bxg7 Kxg7 18. e5 Ne8 19. Qd2 h6 20. Rad1 b5 21. Qf2 Qb6 22. b4 c4 23. a4 Qxf2+ 24. Rxf2 a6 25. Nd4 Nc7 26. d6 exd6 27. exd6 Ne6 28. Nc6 Bb7 29. Ne5 Rf6 30. Rfd2 Rd8 31. Ra1 Nf4 32. axb5 Rfxd6 33. Rxd6 Rxd6 34. Nxc4 Re6 35. Na5 Bxg2 36. Nb3 Re2 37. b6 Nxh3+ 38. Kh2 Bf1+ 39. Kg3 f4+ 40. Kf3 Re3+ 0-1

[Event "Morava-chT 9900"]
[Site "Czech Republic"]
[Date "2000.??.??"]
[Round "7"]
[White "Micanek, Tomas"]
[Black "Travnicek, Peter"]
[Result "0-1"]
[WhiteElo "2174"]
[BlackElo "2249"]
[PlyCount "92"]
[EventDate "1999.??.??"]
[EventType "tourn"]
[EventRounds "11"]
[EventCountry "CZE"]
[SourceTitle "EXT 2001"]
[Source "ChessBase"]
[SourceDate "2000.11.22"]
[SourceVersion "1"]
[SourceVersionDate "2000.11.22"]
[SourceQuality "1"]

1. e4 c5 2. Nc3 Nc6 3. f4 g6 4. Nf3 Bg7 5. Bb5 e6 6. Bxc6 bxc6 7. 0-0 Ne7 8. d3 d5 9. Qe1 Ba6 10. Na4 c4 11. Nc5 cxd3 12. Nxa6 Qb6+ 13. Qe3 Qxa6 14. cxd3 0-0 15. Ne5 Rad8 16. Qg3 f5 17. Be3 Bxe5 18. fxe5 Qxd3 19. Rad1 Qa6 20. h4 fxe4 21. Qg5 Nf5 22. Bc5 Rfe8 23. h5 Qb7 24. hxg6 Qg7 25. g4 Qxg6 26. Qxg6+ hxg6 27. gxf5 exf5 28. Kf2 Rxe5 29. Bxa7 f4 30. Rg1 Kf7 31. Bd4 Rh5 32. Rc1 Rc8 33. a3 g5 34. b4 Rh2+ 35. Rg2 e3+ 36. Kf3 Rxg2 37. Kxg2 Ke6 38. Kf3 Kf5 39. Rg1 Ra8 40. Bb2 Ra7 41. Rh1 g4+ 42. Ke2 Ke4 43. Rh6 f3+ 44. Kf1 g3 45. Rxc6 Rh7 46. Kg1 g2 0-1

[Event "Morava-chT 9900"]
[Site "Czech Republic"]
[Date "2000.??.??"]
[Round "11"]
[White "Travnicek, Peter"]
[Black "Harasta, Vladimir"]
[Result "1/2-1/2"]
[WhiteElo "2245"]
[BlackElo "2196"]
[PlyCount "66"]
[EventDate "1999.??.??"]
[EventType "tourn"]
[EventRounds "11"]
[EventCountry "CZE"]
[SourceTitle "EXT 2001"]
[Source "ChessBase"]
[SourceDate "2000.11.22"]
[SourceVersion "1"]
[SourceVersionDate "2000.11.22"]
[SourceQuality "1"]

1. d4 d5 2. c4 e6 3. Nc3 c6 4. Nf3 dxc4 5. e3 b5 6. a4 Bb4 7. Bd2 a5 8. axb5 Bxc3 9. Bxc3 cxb5 10. b3 Bb7 11. bxc4 b4 12. Bd2 Nf6 13. Bd3 Nbd7 14. 0-0 0-0 15. Qc2 Qc7 16. Ng5 h6 17. f4 hxg5 18. fxg5 Qc6 19. d5 exd5 20. gxf6 Nxf6 21. Rxf6 Qxf6 22. Rf1 Qh4 23. Rf4 Qh8 24. Be1 Ra6 25. Bh4 Rh6 26. Qf2 f6 27. Rd4 Rh5 28. Bf5 Rxf5 29. Qxf5 Qh7 30. Qe6+ Rf7 31. Qe8+ Rf8 32. Qe6+ Rf7 33. Qe8+ Rf8 1/2-1/2

[Event "Morava-chT 9900"]
[Site "Czech Republic"]
[Date "2000.??.??"]
[Round "6"]
[White "Travnicek, Peter"]
[Black "Keprt, Pavel"]
[Result "0-1"]
[WhiteElo "2249"]
[BlackElo "2190"]
[PlyCount "56"]
[EventDate "1999.??.??"]
[EventType "tourn"]
[EventRounds "11"]
[EventCountry "CZE"]
[SourceTitle "EXT 2001"]
[Source "ChessBase"]
[SourceDate "2000.11.22"]
[SourceVersion "1"]
[SourceVersionDate "2000.11.22"]
[SourceQuality "1"]

1. d4 Nf6 2. c4 e5 3. dxe5 Ne4 4. Nf3 Nc6 5. Nbd2 d5 6. exd6 Nxd6 7. e3 Bf5 8. Be2 Qf6 9. 0-0 0-0-0 10. Qa4 Kb8 11. Nb3 Bc2 12. Ne1 Bf5 13. Nc5 Nc8 14. Qb5 Bxc5 15. Qxc5 Rhe8 16. a4 Re5 17. Qa3 Be4 18. Bf3 Nd6 19. b3 Rg5 20. Bb2 Qg6 21. g3 Qf5 22. Bg2 Bxg2 23. Kxg2 Ne4 24. Nf3 Rh5 25. Rad1 Qh3+ 26. Kg1 Ng5 27. Rxd8+ Nxd8 28. Nh4 Rxh4 0-1

[Event "Olexa Memorial op 25th"]
[Site "Brno"]
[Date "1999.??.??"]
[Round "?"]
[White "Travnicek, Peter"]
[Black "Felix, Vaclav"]
[Result "1-0"]
[WhiteElo "2245"]
[BlackElo "2250"]
[PlyCount "59"]
[EventDate "1999.12.??"]
[EventType "swiss"]
[EventRounds "9"]
[EventCountry "CZE"]
[SourceTitle "EXT 2001"]
[Source "ChessBase"]
[SourceDate "2000.11.22"]
[SourceVersion "1"]
[SourceVersionDate "2000.11.22"]
[SourceQuality "1"]

1. d4 Nf6 2. c4 g6 3. Nc3 Bg7 4. e4 d6 5. f3 a6 6. Be3 c6 7. Bd3 b5 8. Qd2 e5 9. d5 b4 10. Nd1 cxd5 11. cxd5 a5 12. a3 b3 13. Ne2 Ba6 14. Nf2 0-0 15. 0-0 Bxd3 16. Nxd3 Qd7 17. Rfc1 Rc8 18. Rc3 a4 19. Nb4 Rxc3 20. Qxc3 Bf8 21. Rc1 Qb5 22. Qc4 Qxc4 23. Rxc4 Nbd7 24. Nc3 Nc5 25. Bxc5 dxc5 26. Nd3 Nd7 27. Nxa4 Ra5 28. Kf2 Bd6 29. Ke2 Kf8 30. Kd2 1-0

[Event "Moravia-ch"]
[Site "Moravia"]
[Date "1997.??.??"]
[Round "?"]
[White "Harasimovic, Petr"]
[Black "Travnicek, Peter"]
[Result "1/2-1/2"]
[WhiteElo "1740"]
[BlackElo "1975"]
[PlyCount "49"]
[EventDate "1997.??.??"]
[EventType "swiss"]
[EventRounds "9"]
[EventCountry "CZE"]
[SourceTitle "EXT 1999"]
[Source "ChessBase"]
[SourceDate "1998.11.16"]
[SourceVersion "1"]
[SourceVersionDate "1998.11.16"]
[SourceQuality "1"]

1. e4 c5 2. Nf3 Nc6 3. d4 cxd4 4. Nxd4 e5 5. Nb5 a6 6. Nd6+ Bxd6 7. Qxd6 Qf6 8. Qxf6 Nxf6 9. Nc3 Nb4 10. Bd3 d5 11. exd5 Nxd3+ 12. cxd3 b5 13. Bg5 0-0 14. b4 Bb7 15. 0-0 Rfc8 16. Bxf6 gxf6 17. Ne4 Kg7 18. Nd6 Rc7 19. Rfc1 Rxc1+ 20. Rxc1 Bxd5 21. g3 Rd8 22. Nf5+ Kg6 23. Ne7+ Kg5 24. Nxd5 Rxd5 25. Rc3 1/2-1/2

[Event "Moravia-ch"]
[Site "Moravia"]
[Date "1997.??.??"]
[Round "?"]
[White "Klima, Oldrich"]
[Black "Travnicek, Peter"]
[Result "0-1"]
[WhiteElo "1605"]
[BlackElo "1975"]
[PlyCount "44"]
[EventDate "1997.??.??"]
[EventType "swiss"]
[EventRounds "9"]
[EventCountry "CZE"]
[SourceTitle "EXT 1999"]
[Source "ChessBase"]
[SourceDate "1998.11.16"]
[SourceVersion "1"]
[SourceVersionDate "1998.11.16"]
[SourceQuality "1"]

1. e4 c5 2. Nf3 Nc6 3. d4 cxd4 4. Nxd4 e5 5. Nxc6 bxc6 6. Bc4 Nf6 7. Bg5 Be7 8. Bxf6 Bxf6 9. Qd6 Qe7 10. Qxe7+ Bxe7 11. Nd2 0-0 12. 0-0 Bb7 13. Nf3 d5 14. exd5 cxd5 15. Bb5 Bd6 16. Rad1 Rac8 17. c3 Rfd8 18. Rfe1 d4 19. Nxe5 Rc5 20. Bc6 Bxc6 21. Nxc6 Rxc6 22. cxd4 Kf8 0-1

[Event "Moravia-ch"]
[Site "Moravia"]
[Date "1997.??.??"]
[Round "?"]
[White "Krystl, Jaromir"]
[Black "Travnicek, Peter"]
[Result "0-1"]
[WhiteElo "1795"]
[BlackElo "1975"]
[PlyCount "90"]
[EventDate "1997.??.??"]
[EventType "swiss"]
[EventRounds "9"]
[EventCountry "CZE"]
[SourceTitle "EXT 1999"]
[Source "ChessBase"]
[SourceDate "1998.11.16"]
[SourceVersion "1"]
[SourceVersionDate "1998.11.16"]
[SourceQuality "1"]

1. g4 d5 2. Bg2 Bxg4 3. c4 Nf6 4. cxd5 Nxd5 5. Qb3 Be6 6. Qxb7 Nb6 7. Nc3 Qd7 8. d3 c6 9. Qxd7+ Bxd7 10. Be3 e6 11. Bd4 c5 12. Be5 Nc6 13. Bc7 Rc8 14. Nb5 Nb4 15. Nd6+ Bxd6 16. Bxd6 Bc6 17. Nf3 Nc2+ 18. Kd2 Nxa1 19. Rxa1 Kd7 20. Bg3 f6 21. Rc1 Rhd8 22. Rxc5 Bxf3 23. Rxc8 Bxg2 24. Rc7+ Ke8 25. Rxg7 Rd7 26. Rg4 Bd5 27. b3 a5 28. Rg8+ Kf7 29. Rb8 Bb7 30. e4 e5 31. f4 f5 32. Bf2 Nc8 33. fxe5 fxe4 34. d4 Ke6 35. Ke3 Kd5 36. Be1 Kc6 37. e6 Rd5 38. Bh4 Kc7 39. e7 Bc6 40. Bg3+ Nd6 41. Bxd6+ Kxd6 42. e8Q Bxe8 43. Rxe8 Rh5 44. Kxe4 Rxh2 45. a4 Re2+ 0-1

[Event "Moravia-ch"]
[Site "Moravia"]
[Date "1997.??.??"]
[Round "?"]
[White "Neuschl, Zdenek"]
[Black "Travnicek, Peter"]
[Result "1/2-1/2"]
[WhiteElo "2145"]
[BlackElo "1975"]
[PlyCount "55"]
[EventDate "1997.??.??"]
[EventType "swiss"]
[EventRounds "9"]
[EventCountry "CZE"]
[SourceTitle "EXT 1999"]
[Source "ChessBase"]
[SourceDate "1998.11.16"]
[SourceVersion "1"]
[SourceVersionDate "1998.11.16"]
[SourceQuality "1"]

1. e4 c5 2. c3 d5 3. exd5 Qxd5 4. d4 cxd4 5. cxd4 e5 6. Qe2 Nc6 7. Nc3 Bb4 8. Nf3 Nxd4 9. Nxd4 Qxd4 10. Bd2 Ne7 11. 0-0-0 0-0 12. a3 Ba5 13. Be3 Qg4 14. f3 Qg6 15. Bc5 Qg5+ 16. Kb1 Bf5+ 17. Ne4 Rfd8 18. h4 Qf6 19. g4 Bxe4+ 20. fxe4 Rxd1+ 21. Qxd1 Rd8 22. Qb3 Qc6 23. Bxe7 Qxe4+ 24. Ka2 Qxh1 25. Bxd8 Bxd8 26. Bc4 Qxh4 27. Bxf7+ Kh8 28. Qd3 1/2-1/2

[Event "Moravia-ch"]
[Site "Moravia"]
[Date "1997.??.??"]
[Round "?"]
[White "Travnicek, Peter"]
[Black "Holemar, David"]
[Result "0-1"]
[WhiteElo "1975"]
[BlackElo "2100"]
[PlyCount "98"]
[EventDate "1997.??.??"]
[EventType "swiss"]
[EventRounds "9"]
[EventCountry "CZE"]
[SourceTitle "EXT 1999"]
[Source "ChessBase"]
[SourceDate "1998.11.16"]
[SourceVersion "1"]
[SourceVersionDate "1998.11.16"]
[SourceQuality "1"]

1. d4 Nf6 2. c4 g6 3. Nc3 Bg7 4. e4 d6 5. Bd3 0-0 6. Nge2 e5 7. f3 c6 8. Be3 exd4 9. Nxd4 d5 10. cxd5 cxd5 11. Nde2 Nc6 12. exd5 Nxd5 13. Bf2 Nxc3 14. bxc3 Qg5 15. 0-0 Rd8 16. Qc2 Bh3 17. Ng3 Ne5 18. f4 Qxf4 19. Bd4 Qh4 20. gxh3 Rac8 21. Qf2 Rxd4 22. cxd4 Nxd3 23. Qxf7+ Kh8 24. Kh1 Qxd4 25. Qxb7 Nf2+ 26. Kg2 Rf8 27. Rae1 Kg8 28. Re2 Nd3 29. Rxf8+ Bxf8 30. Qb3+ Kg7 31. Rc2 Ne1+ 32. Kf1 Nxc2 33. Qxc2 Bc5 34. Ne4 Qg1+ 35. Ke2 Qxh2+ 36. Kd1 Qh1+ 37. Ke2 Qg2+ 38. Kd3 Qxh3+ 39. Kc4 Qe6+ 40. Kb5 a6+ 41. Ka4 Qc6+ 42. Kb3 Qb5+ 43. Kc3 Qb4+ 44. Kd3 Qd4+ 45. Ke2 Qe3+ 46. Kf1 Qg1+ 47. Ke2 Qh2+ 48. Kd3 Qxc2+ 49. Kxc2 Bb6 0-1

[Event "Moravia-ch op"]
[Site "Moravia"]
[Date "1994.??.??"]
[Round "?"]
[White "Travnicek, Peter"]
[Black "Sikora Lerch, Jan"]
[Result "1/2-1/2"]
[WhiteElo "2270"]
[BlackElo "2400"]
[PlyCount "35"]
[EventDate "1994.??.??"]
[EventType "swiss"]
[EventRounds "9"]
[EventCountry "CZE"]
[SourceTitle "EXT 1997"]
[Source "ChessBase"]
[SourceDate "1996.11.15"]
[SourceVersion "1"]
[SourceVersionDate "1996.11.15"]
[SourceQuality "1"]

1. d4 Nf6 2. Nf3 c5 3. c3 b6 4. Bf4 g6 5. e3 Bg7 6. Be2 0-0 7. a4 Ba6 8. Nbd2 Bxe2 9. Qxe2 d6 10. h3 Qc7 11. 0-0 Nc6 12. Bh2 Rac8 13. Rfe1 Rfd8 14. Red1 Qb7 15. Nb3 Nd7 16. Nbd2 Nf6 17. Nb3 Nd7 18. Nbd2 1/2-1/2

[Event "CSR-chT 9091"]
[Site "Czechoslovakia"]
[Date "1991.04.07"]
[Round "14.8"]
[White "Potomak, Vladimir"]
[Black "Travnicek, Peter"]
[Result "1-0"]
[WhiteElo "2315"]
[BlackElo "2270"]
[PlyCount "99"]
[EventDate "1990.??.??"]
[EventType "team"]
[EventRounds "14"]
[EventCountry "CSR"]
[SourceTitle "EXT 2002"]
[Source "ChessBase"]
[SourceDate "2001.11.25"]
[SourceVersion "1"]
[SourceVersionDate "2001.11.25"]
[SourceQuality "1"]

1. c4 e5 2. Nc3 Nc6 3. g3 g6 4. Bg2 Bg7 5. e3 d6 6. Nge2 Be6 7. Nd5 Nce7 8. d4 c6 9. Nxe7 Nxe7 10. d5 cxd5 11. cxd5 Bd7 12. 0-0 0-0 13. Qb3 b5 14. e4 Nc8 15. f4 Nb6 16. fxe5 Bxe5 17. Bh6 Nc4 18. a4 Qb6+ 19. Kh1 Nxb2 20. Bxf8 Rxf8 21. a5 Qb8 22. Ra2 Na4 23. Rc2 Nc5 24. Qb4 Na6 25. Qb3 b4 26. Rb1 Qb5 27. Nf4 Qa4 28. Qxa4 Bxa4 29. Rcc1 Bb5 30. Bf1 Bxf1 31. Rxf1 Re8 32. Nd3 Bc3 33. Rf4 g5 34. Rf5 f6 35. e5 dxe5 36. Rxf6 e4 37. Rxa6 exd3 38. d6 Rd8 39. Kg2 Rd7 40. Kf3 Kf7 41. Ke4 d2 42. Kd5 Ke8 43. Rc6 Kd8 44. Rxc3 d1Q+ 45. Rxd1 bxc3 46. Rf1 Ke8 47. Re1+ Kd8 48. Rb1 Ke8 49. Ke6 Rd8 50. Rb7 1-0

[Event "Olomouc Sigma 21th"]
[Site "Olomouc"]
[Date "1988.08.20"]
[Round "10"]
[White "Zurek, Milan"]
[Black "Travnicek, Peter"]
[Result "1-0"]
[WhiteElo "2410"]
[BlackElo "2295"]
[PlyCount "71"]
[EventDate "1988.08.11"]
[EventType "tourn"]
[EventRounds "11"]
[EventCountry "CSR"]
[EventCategory "4"]
[SourceTitle "EXT 2005"]
[Source "ChessBase"]
[SourceDate "2004.11.15"]
[SourceVersion "1"]
[SourceVersionDate "2004.11.15"]
[SourceQuality "1"]

1. Nf3 Nf6 2. c4 c5 3. e3 e6 4. d4 b6 5. Nc3 Bb7 6. d5 exd5 7. cxd5 d6 8. Be2 a6 9. a4 g6 10. e4 Bg7 11. Nd2 0-0 12. 0-0 Nbd7 13. Qc2 Re8 14. Nc4 Qc7 15. Bf4 Ne5 16. Bxe5 dxe5 17. Qb3 Nd7 18. Bg4 Nf6 19. Bh3 Bc8 20. Qxb6 Qb8 21. Bxc8 Rxc8 22. a5 Nd7 23. Qxb8 Raxb8 24. Na4 Rb4 25. Rfc1 Bh6 26. Rc2 Nf6 27. f3 Nd7 28. Nab6 Nxb6 29. axb6 Ra8 30. Kf2 f6 31. Ra5 Bf8 32. d6 Rb5 33. Rd2 Kf7 34. Rxb5 axb5 35. b7 Rb8 36. Na5 1-0